[Event "Jesenik op-A"]
[Site "Jesenik"]
[Date "2024.08.23"]
[Round "7"]
[White "Hanl, Frantisek"]
[Black "Soural, Jan"]
[Result "1/2-1/2"]
[WhiteElo "2102"]
[BlackElo "2130"]
[PlyCount "60"]
[EventDate "2024.08.17"]
[EventType "swiss"]
[EventRounds "9"]
[EventCountry "CZE"]
[SourceTitle "CBM 221 Extra"]
[Source "ChessBase"]
[SourceDate "2024.09.30"]
[SourceVersion "1"]
[SourceVersionDate "2024.09.30"]
[SourceQuality "1"]

1. e4 c5 2. Nf3 d6 3. d4 cxd4 4. Nxd4 Nf6 5. Nc3 g6 6. Be3 Bg7 7. f3 0-0 8. Qd2 Nc6 9. h4 d5 10. Nxc6 bxc6 11. 0-0-0 Qa5 12. exd5 Rb8 13. Bd4 Rb4 14. Qe3 Rxd4 15. Rxd4 Nxd5 16. Nxd5 cxd5 17. Rd1 Qxa2 18. Bd3 d4 19. Qf2 Bh6+ 20. f4 Qa1+ 21. Kd2 Qxb2 22. h5 Qc3+ 23. Kc1 Qa1+ 24. Kd2 Qc3+ 25. Kc1 Be6 26. Rde1 Bg4 27. hxg6 Qa1+ 28. Kd2 Qc3+ 29. Kc1 Qa1+ 30. Kd2 Qc3+ 1/2-1/2

[Event "Jesenik op-A"]
[Site "Jesenik"]
[Date "2024.08.22"]
[Round "6"]
[White "Soural, Jan"]
[Black "Kucera, Tomas2"]
[Result "1/2-1/2"]
[WhiteElo "2130"]
[BlackElo "2011"]
[PlyCount "68"]
[EventDate "2024.08.17"]
[EventType "swiss"]
[EventRounds "9"]
[EventCountry "CZE"]
[SourceTitle "CBM 221 Extra"]
[Source "ChessBase"]
[SourceDate "2024.09.30"]
[SourceVersion "1"]
[SourceVersionDate "2024.09.30"]
[SourceQuality "1"]

1. Nf3 Nf6 2. c4 g6 3. Nc3 Bg7 4. e4 d6 5. d4 0-0 6. Be2 e5 7. dxe5 dxe5 8. Qxd8 Rxd8 9. Bg5 Re8 10. 0-0-0 Bg4 11. Nd5 Nxd5 12. cxd5 Nd7 13. h3 Bxf3 14. gxf3 f6 15. Be3 Bf8 16. Kb1 a6 17. Rc1 Bd6 18. h4 h5 19. Rc3 Re7 20. Bf1 b6 21. Bh3 Nc5 22. Rg1 Kh7 23. Rgc1 a5 24. b3 Rf8 25. Rg1 Rg7 26. Rcc1 Nd3 27. Rcd1 Nf4 28. Bxf4 exf4 29. Rg2 Kh6 30. Rdg1 Rff7 31. Kc2 Re7 32. Kd3 g5 33. Bf5 Bc5 34. a4 Ref7 1/2-1/2

[Event "Jesenik op-A"]
[Site "Jesenik"]
[Date "2024.08.21"]
[Round "5"]
[White "Tikovsky, Alexander"]
[Black "Soural, Jan"]
[Result "0-1"]
[WhiteElo "2065"]
[BlackElo "2130"]
[PlyCount "76"]
[EventDate "2024.08.17"]
[EventType "swiss"]
[EventRounds "9"]
[EventCountry "CZE"]
[SourceTitle "CBM 221 Extra"]
[Source "ChessBase"]
[SourceDate "2024.09.30"]
[SourceVersion "1"]
[SourceVersionDate "2024.09.30"]
[SourceQuality "1"]

1. d4 Nf6 2. Bf4 g6 3. e3 Bg7 4. Nf3 0-0 5. Be2 d6 6. h3 c5 7. c3 b6 8. 0-0 Bb7 9. a4 a6 10. Nbd2 Nbd7 11. Bh2 Ra7 12. Qb3 Qa8 13. Rfd1 Ne4 14. Nxe4 Bxe4 15. d5 Nf6 16. c4 Bf5 17. Nd2 Rb8 18. Bf4 b5 19. axb5 axb5 20. Rxa7 Qxa7 21. cxb5 Bd7 22. Nb1 Ne8 23. Na3 Nc7 24. Bc4 Nxb5 25. Bxb5 Bxb5 26. Nxb5 Qa5 27. Bg5 f6 28. Bf4 Qxb5 29. Qc2 Qb3 30. Qb1 f5 31. Bg5 Kf7 32. e4 Qxb2 33. Qd3 Rb3 34. Qa6 Qc2 35. Rd2 Rb1+ 36. Kh2 Be5+ 37. f4 Qxd2 38. fxe5 Qxg5 0-1

[Event "Prague Summer op"]
[Site "Prague"]
[Date "2024.08.09"]
[Round "9"]
[White "Zhakan, Erasyl"]
[Black "Soural, Jan"]
[Result "1/2-1/2"]
[WhiteElo "1962"]
[BlackElo "2130"]
[PlyCount "76"]
[EventDate "2024.08.02"]
[EventType "swiss"]
[EventRounds "9"]
[EventCountry "CZE"]
[SourceTitle "CBM 221 Extra"]
[Source "ChessBase"]
[SourceDate "2024.09.30"]
[SourceVersion "1"]
[SourceVersionDate "2024.09.30"]
[SourceQuality "1"]

1. Nf3 c5 2. c4 Nf6 3. b3 b6 4. Bb2 Bb7 5. e3 e6 6. Be2 Be7 7. 0-0 0-0 8. d3 d6 9. Nbd2 Nbd7 10. Qc2 Qc7 11. Rfd1 Rac8 12. Rac1 Qb8 13. Nf1 Rfd8 14. Ng3 Qa8 15. Qb1 d5 16. cxd5 Nxd5 17. a3 Bf6 18. Rc4 b5 19. Rc2 Bxb2 20. Qxb2 b4 21. Ne4 N7f6 22. Nxf6+ gxf6 23. Rc4 Nc3 24. Rc1 Nxe2+ 25. Qxe2 Bxf3 26. gxf3 bxa3 27. Ra1 Qd5 28. Rxa3 Qxd3 29. Qxd3 Rxd3 30. Rxa7 Rxb3 31. Ra5 Rb2 32. Raxc5 Rxc5 33. Rxc5 Kg7 34. Kg2 Kg6 35. Kg3 Rb1 36. f4 Rg1+ 37. Kf3 f5 38. Rc2 Kf6 1/2-1/2

[Event "Prague Summer op"]
[Site "Prague"]
[Date "2024.08.07"]
[Round "7"]
[White "Korniichuk, Oleksandra"]
[Black "Soural, Jan"]
[Result "0-1"]
[WhiteElo "2015"]
[BlackElo "2130"]
[PlyCount "120"]
[EventDate "2024.08.02"]
[EventType "swiss"]
[EventRounds "9"]
[EventCountry "CZE"]
[SourceTitle "CBM 221 Extra"]
[Source "ChessBase"]
[SourceDate "2024.09.30"]
[SourceVersion "1"]
[SourceVersionDate "2024.09.30"]
[SourceQuality "1"]

1. e4 c5 2. Nf3 g6 3. d4 cxd4 4. Nxd4 Nc6 5. c4 Bg7 6. Be3 Nf6 7. Nc3 d6 8. Be2 0-0 9. 0-0 Bd7 10. Qd2 Nxd4 11. Bxd4 Bc6 12. f3 a5 13. b3 Nd7 14. Be3 Nc5 15. Rab1 e6 16. Rfc1 Be5 17. Bf1 Qe7 18. Nb5 b6 19. Qf2 Rfd8 20. a3 f5 21. exf5 gxf5 22. b4 axb4 23. axb4 Na4 24. Nd4 Bd7 25. Qd2 Bf6 26. Bd3 Qg7 27. Nb5 Bxb5 28. cxb5 Nc3 29. Rxc3 Bxc3 30. Qf2 Ra3 31. Bxb6 Rb8 32. Kh1 Bxb4 33. Bc4 d5 34. Bd4 Qg5 35. Bf1 Bd6 36. Qe2 Qe7 37. Re1 e5 38. Qb2 e4 39. Bf6 Qf7 40. Be5 Qe7 41. Bf6 Qe6 42. Bd4 Ra4 43. Bg1 Qe5 44. Qc2 Ra1 45. Rxa1 Qxa1 46. Qc6 Qe5 47. f4 Qe6 48. b6 Kf7 49. b7 Bxf4 50. Qb5 Rd8 51. Bb6 Rg8 52. Be2 Kg6 53. h4 h5 54. Bd4 Bb8 55. Qb3 Qd6 56. Kg1 Kh7 57. Qb5 Qh2+ 58. Kf1 Qh1+ 59. Kf2 Rxg2+ 60. Ke3 Qc1# 0-1

[Event "Prague Summer op"]
[Site "Prague"]
[Date "2024.08.04"]
[Round "4"]
[White "Soural, Jan"]
[Black "Pulpan, Jakub"]
[Result "0-1"]
[WhiteElo "2130"]
[BlackElo "2378"]
[PlyCount "50"]
[EventDate "2024.08.02"]
[EventType "swiss"]
[EventRounds "9"]
[EventCountry "CZE"]
[SourceTitle "CBM 221 Extra"]
[Source "ChessBase"]
[SourceDate "2024.09.30"]
[SourceVersion "1"]
[SourceVersionDate "2024.09.30"]
[SourceQuality "1"]

1. e4 c5 2. c3 Nf6 3. e5 Nd5 4. d4 cxd4 5. Nf3 Nc6 6. cxd4 d6 7. Bc4 Nb6 8. Bb5 dxe5 9. Nxe5 Bd7 10. Bxc6 Bxc6 11. Nxc6 bxc6 12. 0-0 e6 13. Nc3 Be7 14. Ne4 0-0 15. Bf4 Nd5 16. Bg3 f5 17. Nc5 Bxc5 18. dxc5 f4 19. Qg4 fxg3 20. Qxe6+ Kh8 21. Qxc6 gxf2+ 22. Rxf2 Rxf2 23. Kxf2 Rc8 24. Qd6 Qh4+ 25. Kg1 Qd4+ 0-1